Datum a čas kvízu
26.5
Celkem bodů
Celkový počet nahraných bodů na tomto kvízu bez doplňovacích otázek.
10.
Pořadí na kvízu
Konečné umístění týmu na tomto kvízu.
Zaznamenané odpovědi
| # | Otázka | Odpověď | Body | Výsledky |
|---|---|---|---|---|
| 1. | V nablýskaném vozu značky Roll... | Filip Turek, Brusel | 1 | |
| 2. | Minulý týden byla zvolena před... | z Malty | 0 | |
| 3. | Jak se jmenuje slavný americký... | Travis Scott | 1 | |
| 4. | Česká vláda ve středu rozhodla... | KHNP | 0 | |
| 5. | Minulý týden byl jako přestup... | Roman Červenka | 0 | |
| 6. | Na hudební téma Přátelství z m... | v 18. století | 0 | |
| 7. | Jak zní název československého... | Přátelé Zeleného údolí | 1 | |
| 8. | Zprovoznění sociální sítě Face... | B | 1 | |
| 9. | Kterým slovem na F označují če... | frazém | 1 | |
| 10. | V románu Bylo nás pět vzpomíná... | Ota (Otakárek) | 1 |